000
00290nam a22001337a 4500
008
181121b xxu||||| |||| 00| 0 eng d
020
_a
9780520225015
041
_a
eng
080
_a
710
100
_a
45
101
_a
ART
245
_a
Discovering Dinosaurs
_c
Norell,M
942
_2
udc
_c
BK
999
_c
52306
_d
52306